Top 48 des plus grandes villes de Serbie - Statistiques

Statistiques générales
  • Ce quiz a été pris 73 fois
  • Le résultat moyen est 10 sur 48
Statistiques - réponses
Population Villes % Correct
1 382 045 Belgrade
98%
298 469 Novi Sad
92%
183 202 Niš
90%
147 786 Kragujevac
75%
101 920 Subotica
58%
11 740 Kać
54%
70 675 Čačak
53%
55 189 Kruševac
47%
64 644 Jagodina
46%
75 166 Novi Pazar
46%
51 380 Šabac
44%
61 581 Leskovac
42%
59 747 Užice
42%
64 150 Kraljevo
37%
87 815 Pančevo
37%
60 263 Smederevo
29%
38 065 Kikinda
24%
71 724 Zrenjanin
24%
35 701 Vršac
12%
16 171 Bačka Topola
8%
10 675 Bela Crkva
3%
37 059 Prijepolje
3%
14 060 Sjenica
3%
6 727 Bački Petrovac
2%
17 105 Nova Pazova
2%
3 431 Alibunar
0%
5 820 Banatski Karlovac
0%
4 707 Čoka
0%
8 503 Dobanovci
0%
2 410 Donji Milanovac
0%
1 362 Jažince
0%
6 346 Kačarevo
0%
10 200 Kanjiža
0%
2 432 Kelebia
0%
2 142 Kelebija
0%
1 306 Končulj
0%
10 638 Laćarak
0%
1 918 Nakovo
0%
9 443 Novi Banovci
0%
6 960 Novi Kneževac
0%
5 476 Palić
0%
3 151 Pinosava
0%
1 311 Šarbanovac
0%
7 101 Sevojno
0%
6 661 Starčevo
0%
5 954 Stari Banovci
0%
3 966 Tompa
0%
2 903 Žitište
0%
Aucun quiz correspondant
Distribution des résultats
% des personnes avec chaque résultat
Percentile par nombre de réponses
Votre historique - résultats
Vous n’avez pas pris ce quiz